000 00931nas a2200289 4500
001 BR9900230
003 BR-BrBNA
005 20231205101200.0
007 ta
008 230509b bl.|||p| |||| 00| 00por d
040 _aBR-BrBNA
_bpor
_cBiblioteca Nacional de Agricultura
041 _a(Pt)
072 _aL73
100 1 _aDearo, A.C. de O.
100 1 _aZuccari, C.E.S.N.
100 1 _aCuri, P.R.
100 1 _aGandolfi, W.
245 1 _aIncidencia de patologias com sede nos membros de equinos. Estudo retrospectivo (1991 a 1993)de casos atendidos no hospital veterinario da FMVZ-UNESP - Campus de Botucatu
650 _aEquino
650 _aAparelho Locomotor
650 _aDiagnostico
650 _aFratura
650 _aSao Paulo
773 0 _tSemina Ciencias Agrarias (Brazil)
_xISSN 0101-3742
_g(Mar 1996), v. 17(1) p. 80-83
_wBR9900230
909 _a202311
_bLúcia
_c55
_dLúcia Elande
942 _2AGRIS
_n0
_cANA
999 _c160270
_d160270